Aktuálny vývoj v oblasti európskej regulácie finančného trhu

Regulatórne iniciatívy vo fáze diskusie. Regulatórne iniciatívy v legislatívnom procese na úrovni EÚ a na národnej úrovni.

Salvato in:
Dettagli Bibliografici
Autore principale: Ambra, Tomáš
Altri autori: Málišová, Andrea, Nebeský, Štefan, Paluš, Peter, Pénzeš, Peter, Šesták, Ľuboš
Natura: Capitolo di libro
Lingua:slovacco
Soggetti:
Tags: Aggiungi Tag
Nessun Tag, puoi essere il primo ad aggiungerne!!

MARC

LEADER 00000naa$a2200000$$$4500
001 0114259
005 20231116085938.6
041 0 |a slo 
044 |a SK 
245 1 0 |a Aktuálny vývoj v oblasti európskej regulácie finančného trhu  |c Tomáš Ambra, Andrea Málišová, Štefan Nebeský, Peter Paluš, Peter Pénzeš, Ľuboš Šesták 
520 |a Regulatórne iniciatívy vo fáze diskusie. Regulatórne iniciatívy v legislatívnom procese na úrovni EÚ a na národnej úrovni. 
610 2 0 |a trh finančný 
610 2 0 |a regulácia trhu 
610 2 0 |a Európska únia 
610 2 0 |a legislatíva 
610 2 0 |a dokumenty 
100 1 |a Ambra, Tomáš 
700 1 |a Málišová, Andrea 
700 1 |a Nebeský, Štefan 
700 1 |a Paluš, Peter 
700 1 |a Pénzeš, Peter 
700 1 |a Šesták, Ľuboš